| 000 | 00600nam a2200241 a 4500 | ||
|---|---|---|---|
| 003 | AR-BaBNM | ||
| 005 | 20251128205549.0 | ||
| 008 | 082120s2002 ||||||||||||||000 | spa|| | ||
| 020 | _a950-843-190-3 | ||
| 040 | _cAR-BaBNM | ||
| 100 | 1 | _aLaborde, Lola | |
| 245 | 0 | 0 | _aLos ojos de Nina |
| 260 |
_aBuenos Aires _bVinciguerra _c1996 |
||
| 300 | _a106 p. | ||
| 650 | 4 | _aLITERATURA ARGENTINA | |
| 650 | 4 | _aCUENTOS | |
| 650 | 4 | _aLITERATURA CONTEMPORANEA | |
| 653 | _aNARRATIVA | ||
| 655 | _aLITERATURA | ||
| 700 | 1 |
_aAzcona Cranwell, Elizabeth _eprologuista |
|
| 942 | _cBK | ||
| 998 | _cMARTIN | ||
| 999 |
_c11906 _d11906 |
||